Normal view
MARC view
Entry Geographic Name
001 - CONTROL NUMBER
- control field: 236
003 - CONTROL NUMBER IDENTIFIER
- control field: dpl
005 - DATE AND TIME OF LATEST TRANSACTION
- control field: 20081015110447.0
008 - FIXED-LENGTH DATA ELEMENTS
- fixed length control field: 081015|| aca||aabn | a|a d
040 ## - CATALOGING SOURCE
- Original cataloging agency: dpl
151 ## - HEADING--GEOGRAPHIC NAME
- Geographic name: जाति
- Geographic subdivision: भारत
- Geographic subdivision: बिहार
